000 00833nam a2200217Ia 4500
001 15451
003 GE_BSU
008 181216s||||||||xx |||||||||||||| ||und||
040 _cGE_BSU
080 _a82-93:821.353.1
245 _aჩვენი კოცონი
245 _bსაბავშვო მხატვრული ნაწარმოებების კრებული
245 _cრედ. ნ.ბეზარაშვილი. მხატვ.თ.სამსონაძე
260 _aთბილისი
260 _bნაკადული
260 _c1964
300 _a164გვ.22სმ.
653 _aსაბავშვო მხატვრული ნაწარმოებების კრებული
653 _aჩვენი კოცონი
942 _cBK
999 _c48554
_d48554